000 00289nam a22001097a 4500
008 160618b xxu||||| |||| 00| 0 eng d
100 _918
_aLady Bird
245 _aRead Togethe
_bOld Macdonald's Farm
260 _aUSA
_bLady Bird
300 _aRead Together;Old Macdonald's Farm
942 _2ddc
_cBK
999 _c18
_d18